Mil millas [juego] /

Guardado en:
Formato: Objeto Físico
Publicado: Argentina : Intel gráfica, [199?]
Materias:
Etiquetas: Agregar Etiqueta
Sin Etiquetas, Sea el primero en etiquetar este registro!
LEADER 01101nrm a22001695g 4500
001 CEM.cems019153
008 130507b199?##################0###0#####d
005 20220829182506.0
003 CEMS
245 0 0 |a Mil millas [juego] /  |c Yetem 
260 |a Argentina :  |b Intel gráfica, [199?] 
300 |a 1 juego (105 cartas:de distancia,de problemas y de velocidad máxima, de soluciones, de seguridad, bandeja contenedora de naipes, block de hojas de cálculo) ; en caja 17 x 13 x 5 cm. + manual de instrucciones. 
500 |a Para 2, 3 4, ó 6 jugadores en parejas a partir de 12 años y adultos objetivo:salir a la ruta y ser el primero en recorrer 1000 millas en cada mano superando las dificultades que los demás jugadores le aplican y poniéndoles trabas a los demás jugadores. Cada mano da un puntaje y se jugarán tantas hasta que algún jugador llegue primero a totalizar 5.000 puntos y más. 
082 0 4 |a J795.43 
653 |a 1. juegos de naipes especiales 
653 |a 2. juegos en los cuales la colocación de la carta es un elemento principal 
859 |a CEMS  |b BIB. CEMS - Ludoteca  |h J795.43  |i Y48  |p 049.92  |t Ej.1